Ley Nº 25.344 de emergencias económicas (Registro nro. 24147)

Detalles MARC
000 -LEADER
fixed length control field 00312 a2200109 4500
001 - CONTROL NUMBER
control field ART_40028
005 - DATE AND TIME OF LATEST TRANSACTION
control field 20260410161841.0
008 - FIXED-LENGTH DATA ELEMENTS--GENERAL INFORMATION
fixed length control field 260409a
100 1# - MAIN ENTRY--PERSONAL NAME
Personal name Torres, Ismael F.
245 10 - TITLE STATEMENT
Title Ley Nº 25.344 de emergencias económicas
773 0# - HOST ITEM ENTRY
Title RAP
Related parts - Año 23, Nº 275 (ago. 2001)
Record control number REV5941

No hay ítems disponibles.